000
00357nam a2200121Ia 4500
005
20251013221644.0
008
251010s9999 xx 000 0 und d
041
_a
mar
100
_a
कोकाटे सा.
_9
214061
245
_a
श्री सार्इनाथ चरित्र आणि भजने
250
_a
1ST
260
_b
Central
_c
1928
999
_c
368320
_d
368320